Marine microbiology

保存先:
書誌詳細
第一著者: J. H. Paul
フォーマット: 図書
言語:Undetermined
主題:
タグ: タグ追加
タグなし, このレコードへの初めてのタグを付けませんか!
Thư viện lưu trữ: Trung tâm Học liệu Trường Đại học Cần Thơ
LEADER 00374nam a2200145Ia 4500
001 CTU_67151
008 210402s9999 xx 000 0 und d
082 |a 579.1 
082 |b M324 
100 |a J. H. Paul 
245 0 |a Marine microbiology 
245 0 |c J. H. Paul 
650 |a marine microbiology 
904 |i Minh 
980 |a Trung tâm Học liệu Trường Đại học Cần Thơ